书目信息 |
| 题名: |
无线电波是怎样传播的
|
|
| 作者: | 苏联М·П·多鲁哈诺夫 著 | |
| 分册: | ||
| 出版信息: | 北京 人民邮电出版社 1956 |
|
| 页数: | 80页 | |
| 开本: | 20cm | |
| 丛书名: | ||
| 单 册: | ||
| 中图分类: | TN011 | |
| 科图分类: | ||
| 主题词: | 无线电电子学--理论 , 通信技术--理论 | |
| 电子资源: | ||
| ISBN: | ||
| 000 | 00677nam0 2200217 450 | |
| 001 | 0653883030 | |
| 005 | 20060909150053.45 | |
| 010 | @dCNY0.37 | |
| 091 | @a15045.无69 | |
| 100 | @a20060909d1956 km y0chiy0120 ea | |
| 101 | 0 | @achi |
| 102 | @aCN@b110000 | |
| 200 | 1 | @a无线电波是怎样传播的@Awu xian dian bo shi zen yang chuan bo de@f苏联М·П·多鲁哈诺夫 著@Fsu lianМ·П·duo lu ha nuo fu zhu |
| 210 | @a北京@c人民邮电出版社@d1956 | |
| 215 | @a80页@d20cm | |
| 606 | 0 | @a无线电电子学@x理论 |
| 606 | 0 | @a通信技术@x理论 |
| 690 | @aTN011@v3 | |
| 701 | 0 | @a苏联М·П·多鲁哈诺夫@Asu lianМ·П·duo lu ha nuo fu@4著 |
| 801 | 0 | @aCN@bPFT@c20060909 |
| 905 | @a10447@dTN011@e90 | |
| 无线电波是怎样传播的/苏联М·П·多鲁哈诺夫 著.-北京:人民邮电出版社,1956 |
| 80页;20cm |
| ISBN :CNY0.37 |
| ● |
| 相关链接 |
|
|
|
|
正题名:无线电波是怎样传播的
索取号:TN011/90
 
预约/预借
| 序号 | 登录号 | 条形码 | 馆藏地/架位号 | 状态 | 备注 |
| 1 | 0470474 | 204704748 | 密集书库/ [索取号:TN011/90] | 在馆 |